[Event "Tata Steel-A 78th"]
[Site "Wijk aan Zee"]
[Date "2016.01.22"]
[Round "6"]
[White "Carlsen, Magnus"]
[Black "Tomashevsky, Evgeny"]
[Result "1-0"]
[WhiteElo "2844"]
[BlackElo "2728"]
[Annotator "Nielsen,Peter Heine"]
[PlyCount "59"]
[EventDate "2016.01.16"]
[EventType "tourn"]
[EventRounds "13"]
[EventCountry "NED"]
[EventCategory "20"]
[SourceTitle "CBM 171"]
[Source "ChessBase"]
[SourceDate "2016.03.14"]
[SourceVersion "2"]
[SourceVersionDate "2016.03.14"]
[SourceQuality "1"]

{Like in 2015, Magnus had a rather slow start in Wijk, and again had to wander along some dangerous paths to beat Loek van Wely. But like last year, that triggered an excellent streak, both in the number of points, as well as in quality of play.} 1. d4 Nf6 2. Nf3 e6 3. Bf4 $5 {The London System. A few years back almost looked at with disgust, and in no way treated as a serious opening, but with Grischuk's and Kramnik's efforts recently the verdict has changed. Even so not to the extent that every professional has a ready-made solution planned against it, and Tomashevsky did spend quite some time on the upcoming moves.} b6 ({Maybe inspired by Magnus' success in this game, both Karjakin and Giri decided also to give the London a try, but now Black seemed tipped off, and we actually saw a theoretical debate in the London System(!). After} 3... d5 4. e3 c5 5. c3 Nc6 6. Nbd2 Bd6 $5 {Against Karjakin, but eventually lost.} 7. Bg3 O-O 8. Bb5 $5 {Against Karjakin, but eventually lost.}) 4. e3 Bb7 5. h3 {For those caring about the finer points of the move orders, its worth mentioning that Kramnik here seems to have preferred to play 5.bd2 first on a couple of outings. It's hard coming up with a strong reason for either move, but maybe Kramnik wanted to avoid Alekhine's idea against Rubinstein? With the knight on d2, instead of the pawn on e3, Alekhine played 5...d6!? and went on to win an instructive game, covered in his game collection. So maybe only playing h3, when Black has committed ...e7 is the point.} Be7 6. Bd3 O-O 7. O-O c5 8. c3 Nc6 9. Nbd2 d5 {Both players have developed sensibly, and one could argue that the fact that neither side has obvious plans, but just have to make small common-sense additions to their positions, should be a small success for Black.} 10. Qe2 $5 Bd6 {Tomashevsky blinks first, and tries to force concrete action. Waiting with e.g. ...ac8 would make sense, but White could still improve his position by bringing the rooks to d1 and e1, making it hard for Black to come up with similar useful moves which makes Black's decision easily understandable.} 11. Rfe1 $5 {Even so, Magnus do not take the bait, but puts the ball back in Tomashevsky's court. White has many plans, but it is much harder to see positive options for Black, so instead Black tries forcing White to take on d6.} ({RR} 11. Bxd6 Qxd6 12. e4 dxe4 13. Nxe4 Nxe4 14. Qxe4 f5 15. Qh4 cxd4 16. Rfe1 h6 17. Rad1 e5 18. cxd4 e4 19. Bc4+ Kh8 20. d5 Na5 21. Nd2 Rac8 22. b3 a6 23. Bf1 Rc2 24. a3 Qxa3 25. d6 Qxd6 {Tristan,L (2500)-Wael Sabry,M (2185) chess.com INT 2025 1-0 (33)}) 11... Ne7 $146 ({Taking on f4 looks strategically risky, as after} 11... Bxf4 12. exf4 cxd4 13. Nxd4 $1 Nxd4 14. cxd4 {White by swapping knights, removed the option of ...b4 based counterplay, and despite having doubled pawns, gets a lot in return. f5 might be an option, transferring the knight to e5 too, or maybe e3-g3-h4 followed by e3 and ae1.}) ({RR} 11... Bxf4 12. exf4 Ne7 13. Rad1 a5 14. Ne5 c4 15. Bc2 b5 16. Ndf3 Qd6 17. g3 Ba6 18. Ng4 Nxg4 19. hxg4 Rae8 20. Kg2 Ng6 21. Rh1 f5 22. Rh5 Bb7 23. Rdh1 h6 24. g5 hxg5 25. Nxg5 Rf6 26. Rh7 {Mis,M (2245)-Ozenir,E (2422) Mamaia 2017 1-0 (56)}) ({RR} 11... Re8 12. Bb5 a6 13. Bxc6 Bxc6 14. Bxd6 Qxd6 15. Ne5 Nd7 {½-½ (15) Inarkiev,E (2658)-Artemiev,V (2714) Moscow RUS 2023}) ({RR} 11... h6 12. Bxd6 Qxd6 13. e4 Qc7 14. e5 Nd7 15. Nf1 Rac8 16. a3 Na5 17. Ne3 Nc4 18. a4 a6 19. Ng4 Rfe8 20. Red1 Rf8 21. Rdc1 {½-½ (21) Macedo,M (2310)-Rodi,L (2364) Recife 2009}) 12. Rad1 Ng6 13. Bxg6 $1 hxg6 14. Bxd6 Qxd6 15. Ne5 $1 {Yes, White has given a bishop for a knight, and even allowed Black to capture towards the centre. But the black pawn-structure, while looking healthy, actually is a major drawback. Due to the weakness of g6, Black can never realistically push the knight away from e5, meaning White will have a powerful knight, and Black a rather limited bishop. Tomashevsky keeps playing logical and sensible moves, heading for ...d7 exchanging the powerful knight, but not wanting 15...d7 16 f4! and instead tries to stop White from advancing the f-pawn.} g5 16. f4 $5 {Played quickly, almost like saying: did you miss this? But while of course White could still probably be slightly better with like e.g. 16.f3, sending an invitation to the following fascinating complications is not only tempting, but also objectively good.} gxf4 {.} 17. Rf1 $1 {This is the point. White wants the f-line open, to sacrifice the rook on f6, and deliver mate.} Nd7 (17... fxe3 $5 {would be the logical way of trying to prove White's concept flawed. After} 18. Rxf6 exd2 $1 (18... gxf6 $2 {loses immediately as} 19. Qg4+ Kh7 20. Rf1 $3 {just mates. The threat is to bring the rook into the attack on f4, as a response to 20...exd2 and if 20...fxe5 then the simple 21.h5+ g7 22.g5+ h7 23.f6 mates.}) {Does all this mean that Black's position is actually objectively fine? Not really, as the less imaginative, but simply strong} 19. Rf4 $1 {does keep an edge. The threat is h5 and h4 with a mating attack, and Black's only chance is to fight with} (19. Qh5 {An obvious try, forcing Black to take on f6, but after} gxf6 20. Qg4+ Kh8 21. Qh4+ Kg7 $1 {however there is no good follow-up as} 22. Ng4 ({and after} 22. Qg3+ {Black just goes to h7 with the king, not falling for 22...h8?? 23.g6+ winning the queen.}) 22... Qf4 $1 {protects both f6 and h6,}) (19. Rdf1 $5 {comes much closer to breaking Black's defences. f7 cannot be defended, and taking on f6 allows a decessive attack along usual patterns. But Black has the fantastic} Ba6 $3 {which exploits the fact that the white queen needs to be on the kingside for the attack to succeed, meaning that 20.xa6 gxf6 works, or even better, first 20...d1! as pointed out by the computers. After:} 20. Qh5 {or the more sophisticated} d1=Q $5 ({The obvious} 20... gxf6 $6 21. Qg4+ Kh8 22. Rf4 Bd3 23. Nxd3 d1=Q+ 24. Qxd1 Rg8 25. Ne5 $1 Kg7 26. Rxf6 $1 {is still very promising for White}) ({but either the simple} 20... Bxf1 21. Nxf7 Rxf7 22. Qxf7+ Kh8 $1 (22... Kh7 $2 23. Qg6+ {followed by f7})) 21. Rxd1 gxf6 22. Qg4+ Kh7 23. Qh4+ Kg7 {just leads to a draw.}) 19... f6 20. Ng6 {but it obviously does not look very appealing.}) 18. Qh5 $1 {Not a neccessity, as also} (18. Nxd7 Qxd7 19. Rxf4 {gives White a promising attack, but somehow keeps the spirit of the 2 previous moves, and continues the direct attack.}) 18... Nf6 19. Qh4 Qd8 $6 {Again quite logical, trying to swap off queens, in order to stop the white attack.} (19... Nh7 $5 {probably was a better chance, even if White has a promising position after} 20. Rxf4 ({or even just} 20. exf4)) 20. Rxf4 Ne4 $2 {A blunder, and a decisive one.} ({The same idea would be much better, but with} 20... cxd4 21. exd4 {interpolated. Then after} Ne4 {White can not play like in the game, as there is now no dxc5! but instead has} 22. Qg4 $5 {when Black has no choice but to play the weakening} f5 {, where after} 23. Qg6 Rf6 24. Qh5 Qe8 {does avoid immediate disaster, but after} 25. Qxe8+ Rxe8 26. Nxe4 {it makes a huge difference having forced ...f5, as the white knight now dominates on e5, leaving him excellent winning chances in the ensuing ending.}) 21. Nxe4 Qxh4 22. Rxh4 dxe4 23. dxc5 $1 bxc5 24. Rd7 Rab8 25. b3 $1 {Black is basically in a zugzwang. playing...f6 allows g6 and mate on h8. The f-rook defends f7, the other, the bishop on b7, which can't move, as then a7 would fall. So what is left, is to move the a-pawn.} a5 26. Rc7 a4 27. bxa4 Ba8 28. a5 Rb7 29. Rxc5 Ra7 30. Nc4 {Here Tomashevsky resigned. Maybe a bit premature, but there is no doubt that White's position is clearly winning with the 2 extra pawns, and while Black certainly could prolong the game for a while, the result is not really in doubt.} 1-0

[Event "Tata Steel-A 78th"]
[Site "Wijk aan Zee"]
[Date "2016.01.27"]
[Round "10"]
[White "Giri, Anish"]
[Black "Carlsen, Magnus"]
[Result "1/2-1/2"]
[WhiteElo "2798"]
[BlackElo "2844"]
[PlyCount "68"]
[EventDate "2016.01.16"]
[EventType "tourn"]
[EventRounds "13"]
[EventCountry "NED"]
[EventCategory "20"]
[SourceTitle "CBM 171"]
[Source "ChessBase"]
[SourceDate "2016.03.14"]
[SourceVersion "2"]
[SourceVersionDate "2016.03.14"]
[SourceQuality "1"]

1. d4 Nf6 2. c4 e6 3. Nf3 d5 4. Nc3 Bb4 5. Bg5 h6 6. Bxf6 Qxf6 7. Qb3 Bxc3+ 8. Qxc3 c6 9. e3 Nd7 10. Bd3 ({RR} 10. b4 O-O 11. b5 Re8 12. cxd5 cxd5 13. a4 e5 14. dxe5 Nxe5 15. Nxe5 Rxe5 16. Be2 Bf5 17. O-O Bh3 18. Rfc1 Qg6 19. g3 Qe4 20. Bf1 Bxf1 21. Rxf1 Re7 22. Rad1 Qxa4 23. Rxd5 Qe4 24. Rfd1 Rae8 {Mikhaletz,L (2256)-Zhukovskyi,M (2156) Kyiv UKR 2025 ½-½ (32)}) 10... dxc4 11. Bxc4 O-O 12. Bd3 $146 ({RR} 12. O-O Re8 13. Ne5 Qe7 14. f4 Nb6 15. Bb3 Nd5 16. Qd2 c5 17. e4 Nf6 18. Rae1 cxd4 19. Qxd4 Bd7 20. f5 Bb5 21. Rf2 Red8 22. Qe3 Qc7 23. Nxf7 Kxf7 24. Bxe6+ Kf8 25. Qa3+ Qe7 26. Qb3 Ng4 {Barath,K (2086)-Moreira,R (2088) chess.com INT 2024 1-0 (73)}) ({RR} 12. O-O Re8 13. Ne5 Qe7 14. f4 Nb6 15. Bb3 Nd5 16. Qd2 c5 17. e4 Nf6 18. Rae1 cxd4 19. Qxd4 Bd7 20. f5 Bb5 21. Rf2 Red8 22. Qe3 Qc7 23. Nxf7 Kxf7 24. Bxe6+ Kf8 25. Qa3+ Qe7 26. Qb3 Ng4 {Barath,K (2086)-Moreira,R (2088) chess.com INT 2024 1-0 (73)}) 12... c5 13. O-O b6 14. Be4 Rb8 15. b4 Bb7 16. Bxb7 Rxb7 17. Rac1 Rc8 18. dxc5 bxc5 19. Qxf6 gxf6 20. a3 Rcc7 21. g3 cxb4 22. Rxc7 Rxc7 23. axb4 Rb7 24. Ra1 Rxb4 25. Rxa7 Nc5 26. Ra2 Kg7 27. Kg2 Rb7 28. Rc2 Ne4 29. Nd4 f5 30. Ne2 Rd7 31. Nd4 Rb7 32. h3 Rd7 33. Kf3 Ng5+ 34. Kg2 Ne4 1/2-1/2

[Event "Norway Chess 4th"]
[Site "Stavanger"]
[Date "2016.04.19"]
[Round "1"]
[White "Carlsen, Magnus"]
[Black "Harikrishna, Pentala"]
[Result "1-0"]
[WhiteElo "2851"]
[BlackElo "2763"]
[Annotator "Krasenkow,Michal"]
[PlyCount "81"]
[EventDate "2016.04.19"]
[EventType "tourn"]
[EventRounds "9"]
[EventCountry "NOR"]
[EventCategory "21"]
[SourceTitle "CBM 172"]
[Source "ChessBase"]
[SourceDate "2016.05.12"]
[SourceVersion "1"]
[SourceVersionDate "2016.05.12"]
[SourceQuality "1"]

1. d4 Nf6 2. c4 e6 3. Nf3 b6 4. g3 Ba6 5. Nbd2 Bb4 6. Qa4 c5 7. a3 {[%mdl 4] A very logical line: White provokes ...c7-c5 so that the position opens up, and then obtains the advantage of the bishop pair.} Bxd2+ 8. Bxd2 O-O (8... cxd4 {, seen in a number of games, is another possibility.}) ({RR} 8... cxd4 9. Bg2 Bb7 10. O-O Bc6 11. Qd1 Bxf3 12. Bxf3 Nc6 13. Bf4 O-O 14. Bd6 Re8 15. Bxc6 dxc6 16. Qxd4 e5 17. Bxe5 Qxd4 18. Bxd4 Rxe2 19. Rfe1 Rae8 20. Kf1 Rc2 21. Rxe8+ Nxe8 22. Bc3 Kf8 23. Rd1 {Mamedyarov,S (2709)-Naiditsch,A (2657) Moscow 2006 ½-½}) 9. dxc5 {An unusual move order.} (9. Bf4 Qc8 (9... Bb7 10. dxc5 e5 $5 {is a curious idea}) 10. Bd6 Re8 11. dxc5 Ne4 12. Bg2 Bb7 $11 (12... bxc5 $143 {1/2 (18) Portisch,L (2650)-Seirawan,Y (2555) Mar del Plata 1981} 13. Ne5 $1 Bb7 14. Bxe4 Bxe4 15. f3 $16)) (9. Bg2 {is common but then, besides} {Black can also play} d5 $5 {:} (9... Bb7 {e.g.} 10. dxc5 (10. O-O cxd4 11. Nxd4 Bxg2 12. Kxg2 Nc6 13. Nxc6 dxc6 {1/2 (13) Portisch,L (2630)-Keres,P (2615) Amsterdam 1971}) 10... bxc5 11. Be3 (11. O-O d6 12. b4 $5) 11... d6 12. O-O a5 13. Qb3 Qc7 14. Rfd1 Ra6 15. Bf4 a4 16. Qc2 Nbd7 $11 {0-1 (34) Sebenik,M (2552)-Iordachescu,V (2645) Istanbul 2012}) 10. dxc5 (10. Bf4 Qd7 11. Qxd7 Nbxd7 12. Ne5 cxd4 13. cxd5 exd5 14. Nxd7 Nxd7 15. O-O-O Nc5 $15 {1/2 (29) Toth,C (2420)-Sunye Neto,J (2545) Merida 1993}) (10. cxd5 exd5 11. Be3 (11. O-O Bxe2 12. Rfe1 Bxf3 13. Bxf3 Qd7 $1 $15 {0-1 (40) Sorin,A (2460)-Zarnicki,P (2515) Villa Gesell 1998 CBM 064 [Avrukh,B]}) (11. Bg5 Qe8 $1) 11... Qe8 $11) 10... bxc5 11. Ne5 Bb7 12. O-O Qe7 {[%cal Yd5d4] - Black should equalise.}) ({RR} 9. Bg2 d5 10. cxd5 exd5 11. Ne5 Ne4 12. Bxe4 dxe4 13. dxc5 Qd5 14. Bc3 e3 15. f3 bxc5 16. Rd1 Qb7 17. Qg4 f5 18. Qg5 Bb5 19. Nd7 {1-0 (19) Khlebovich,A (2423)-Hansen,E (2609) chess.com INT 2025}) 9... bxc5 10. Bg2 Qb6 $146 (10... Bb7 {transposes to Sebenik-Iordachescu (see above). Black tries to make use of White's early d4xc5 but the position of his queen on b6 is a serious drawback.}) ({RR} 10... d5 11. b3 Ne4 12. O-O Qd7 13. Qa5 Qb7 14. Rfc1 Nc6 15. Qa4 Nxd2 16. Nxd2 Nd4 17. Bf1 dxc4 18. bxc4 Rad8 19. Rab1 {½-½ (19) Heinz,T (2346)-Sokolov,A (2523) Germany 2016}) 11. O-O Nc6 (11... d5 12. Ne5 $1 Qxb2 13. Bf4 $36) (11... Bb7 12. b4 $1) 12. Be3 $1 {[%cal Ge3b6,Rb2b4,Re3c5] A very unpleasant pin, with a permanent threat of b2-b4.} Rfc8 (12... Qa5 $6 13. Qc2 $1 Ng4 14. b4 cxb4 15. axb4 Qh5 16. Bc5 $18 {1-0 (35) Belotti,B (2405)-Boog,A (2375) Biel 1992}) (12... Rab8 $5 13. b4 Bxc4 14. Bxc5 Bb3 $1 15. Bxb6 Bxa4 16. Bc5 Rfc8 17. Bd6 $14) 13. Rfd1 $1 (13. Bxc5 $143 Qxc5 14. Qxa6 Qa5 $1 15. Qxa5 Nxa5 {- Black regains the c4-pawn and almost equalises.}) 13... d5 14. cxd5 exd5 15. Bxc5 {Now in time!} Qa5 $1 {A tactical trick enabling Black to regain the pawn but White keeps a positional advantage.} 16. Qc2 (16. Qxa5 Nxa5 17. Nd4 Rxc5 18. b4 {was possible too, but the game continuation is more clear.}) 16... Bxe2 17. Qxe2 Qxc5 18. Rac1 Qb6 19. b4 $16 {[%csl Rd5,Gg2] White has a queenside pawn advantage, his bishop is strong, and Black's d5-pawn is weak. Black gradually succumbs to White's pressure.} h6 20. Qe3 $1 {A good idea. White's queenside pawns will be especially strong in the endgame.} Qb7 {Too passive.} (20... Qxe3 21. fxe3 Ne7 {was relatively better after all.}) 21. Bh3 Re8 22. Qc3 Ne7 23. Nd4 {[%csl Gc1,Gc3,Gd1,Gd4,Gh3]} Ne4 24. Qc7 Qa6 25. f3 Ng5 26. Bd7 Red8 27. h4 Nxf3+ $6 {Desperation.} (27... Nh7 28. Re1 Qf6 29. Rcd1 {and Black is in a kind of stalemate.}) 28. Nxf3 Qxa3 29. Kg2 Qb2+ {An unnecessary check.} (29... Qxb4 {may be more stubborn.}) 30. Rd2 Qxb4 31. Re1 {White may have technical problems after the queen exchange but he avoids it, using his extra piece for a decisive attack.} a5 32. Rde2 Ng6 33. h5 Nh8 34. Bf5 a4 35. Ne5 Qd6 36. Qc2 $1 Re8 37. Bh7+ Kf8 38. Qf5 Re7 39. Bg6 Kg8 40. Nxf7 $1 Rxf7 41. Bxf7+ 1-0

[Event "Norway Chess 4th"]
[Site "Stavanger"]
[Date "2016.04.20"]
[Round "2"]
[White "Topalov, Veselin"]
[Black "Carlsen, Magnus"]
[Result "1/2-1/2"]
[WhiteElo "2754"]
[BlackElo "2851"]
[PlyCount "58"]
[EventDate "2016.04.19"]
[EventType "tourn"]
[EventRounds "9"]
[EventCountry "NOR"]
[EventCategory "21"]
[SourceTitle "CBM 172"]
[Source "ChessBase"]
[SourceDate "2016.05.12"]
[SourceVersion "1"]
[SourceVersionDate "2016.05.12"]
[SourceQuality "1"]

1. d4 Nf6 2. c4 e6 3. Nf3 d5 4. Nc3 Nbd7 5. Qc2 c6 6. cxd5 exd5 7. Bf4 Nh5 8. g3 ({RR} 8. Bg5 Be7 9. h4 Nb6 10. O-O-O h6 11. Bxe7 Qxe7 12. Ne5 Nf6 13. e3 Ng4 14. Nf3 Be6 15. Bd3 O-O-O 16. Kb1 Kb8 17. h5 Rc8 18. Qe2 Nf6 19. Ne5 c5 20. Bc2 Rhe8 21. f4 Ne4 22. Bxe4 dxe4 {Le,Q (2728)-Aronian,L (2775) Miami 2022 ½-½ (109)}) ({RR} 8. Bd2 Be7 9. g4 Nhf6 10. g5 Nh5 11. e4 dxe4 12. Nxe4 Nb6 13. Be2 g6 14. O-O-O Bf5 15. Nh4 Bxe4 16. Qxe4 Qd5 17. Qxd5 Nxd5 18. Bxh5 gxh5 19. Nf5 Kd7 20. h4 f6 21. Ng3 fxg5 22. hxg5 Raf8 {Dudin,G (2516)-Caruana,F (2803) chess.com INT 2025 0-1 (46)}) 8... Nxf4 9. gxf4 Nb6 $146 ({RR} 9... g6 10. e3 Bg7 11. h4 Nb6 12. Bh3 Bxh3 13. Rxh3 Qe7 14. h5 O-O-O 15. O-O-O Kb8 16. Ne5 g5 17. Qf5 Bxe5 18. fxe5 Qb4 19. a3 Qb3 20. Rf3 h6 21. Qd3 Rdf8 22. Rf6 Kc7 23. Rd2 Qc4 24. Qf5 {Medvegy,Z (2540)-Kiss,A (2371) Hungary 2016 1-0}) 10. e3 g6 11. h4 Bb4 12. Bd3 Bg4 13. Ne5 Bh5 14. Be2 Bxe2 15. Kxe2 f6 16. Nd3 Bxc3 17. Qxc3 Qe7 18. Qc5 Nc4 19. Qxe7+ Kxe7 20. h5 Rag8 21. hxg6 hxg6 22. a4 a5 23. b3 Nd6 24. Rag1 Kf7 25. Rc1 Rh5 26. Rhg1 Rh2 27. Rh1 Rh5 28. Rhg1 Rh2 29. Rh1 Rh5 1/2-1/2

[Event "Norway Chess 4th"]
[Site "Stavanger"]
[Date "2016.04.23"]
[Round "4"]
[White "Li, Chao B"]
[Black "Carlsen, Magnus"]
[Result "1/2-1/2"]
[WhiteElo "2755"]
[BlackElo "2851"]
[PlyCount "73"]
[EventDate "2016.04.19"]
[EventType "tourn"]
[EventRounds "9"]
[EventCountry "NOR"]
[EventCategory "21"]
[SourceTitle "CBM 172"]
[Source "ChessBase"]
[SourceDate "2016.05.12"]
[SourceVersion "1"]
[SourceVersionDate "2016.05.12"]
[SourceQuality "1"]

1. d4 d5 2. Nf3 Nf6 3. c4 c6 4. cxd5 cxd5 5. Nc3 Nc6 6. Bf4 Bf5 7. e3 e6 8. Bd3 Bxd3 9. Qxd3 Bd6 10. Bxd6 Qxd6 11. O-O O-O 12. Rac1 Rfc8 13. h3 h6 ({RR} 13... Ne7 14. Rc2 Qd8 15. Rfc1 h6 16. Ne2 Rxc2 17. Rxc2 Rc8 18. Nc1 Rxc2 19. Qxc2 Qc8 20. Qxc8+ Nxc8 21. Nd3 Nd6 22. Kf1 Kf8 23. Ke2 Ke7 24. g4 g5 25. Nd2 Nd7 26. f3 Nb8 27. Nb1 Nd7 28. Nd2 {Leko,P (2674)-Rapport,R (2736) Hengshui 2019 ½-½}) 14. Nd2 Nd7 15. a3 ({RR} 15. Ne2 Ne7 16. a3 Rxc1 17. Rxc1 Rc8 18. Rxc8+ Nxc8 19. Qc2 Ne7 20. Nc1 Qc6 21. Qxc6 Nxc6 22. Nd3 Kf8 23. Kf1 Ke7 24. Ke2 Kd6 25. h4 h5 26. g3 g6 27. b3 b6 28. a4 a5 29. Nb1 Ne7 {Petrosyan,M (2544)-Pantsulaia,L (2532) Bengaluru IND 2025 ½-½ (35)}) 15... Nb6 $146 ({RR} 15... Ne7 16. Ne2 Rxc1 17. Rxc1 Rc8 18. Rxc8+ Nxc8 19. Qc2 Ne7 20. Nf4 Qc6 21. Qxc6 Nxc6 22. Kf1 Kf8 23. Ke2 Ke7 24. Nd3 b6 25. g4 g5 26. Kd1 Kd6 27. Kc2 Kc7 28. Kc3 Kd6 29. Kc2 Kc7 30. Kc3 {Qiu,M (2242)-Nie,X (2233) Tagaytay City 2018 ½-½ (31)}) 16. Qb5 Qd8 17. Na4 Nxa4 18. Qxa4 Qa5 19. Qd1 Ne7 20. Qe2 Qa4 21. Qd3 Nf5 22. Qb3 Qa6 23. Qb4 Nd6 24. a4 Qb6 25. Qa3 a5 26. Rc5 Qb4 27. Qxb4 axb4 28. Rfc1 Rxc5 29. dxc5 Rc8 30. Kf1 Nc4 31. Nxc4 Rxc5 32. b3 dxc4 33. bxc4 Ra5 34. Ra1 Rc5 35. Rc1 Ra5 36. Ra1 Rc5 37. Rc1 1/2-1/2